MARC

Tag First Indicator Second Indicator Subfields
LEADER 00000cam a2200000Ia 4500
001 in00002471663
005 20210727074418.0
006 m d
007 cr cn|||||||||
008 081017s2005 nyua sb 001 0 eng d
020 |a 0387271244 
020 |a 9780387271248 
035 |a (OCoLC)262679963 
035 |a (OCoLC)ocn262679963 
035 |a 3069862 
037 |a 978-0-387-20437-6  |b Springer  |n http://www.springerlink.com 
040 |a GW5XE  |b eng  |c GW5XE  |d UtOrBLW 
049 |a TEFA 
050 1 4 |a RJ496.C4  |b M535 2005eb 
060 1 4 |a 2005 D-862 
060 1 4 |a WS 342  |b M647ca 2005 
082 0 4 |a 618.92/836  |2 22 
100 1 |a Miller, Freeman.  |0 http://id.loc.gov/authorities/names/n95801388 
245 1 0 |a Cerebral palsy /  |c Freeman Miller. 
264 1 |a New York :  |b Springer,  |c [2005] 
264 4 |c ©2005 
300 |a x, 1055 pages :  |b illustrations (some color) ;  |c 29 cm. +  |e 1 CD-ROM (4 3/4 in.) 
336 |a text  |b txt  |2 rdacontent 
337 |a computer  |b c  |2 rdamedia 
338 |a online resource  |b cr  |2 rdacarrier 
500 |a Electronic resource. 
504 |a Includes bibliographical references and index. 
533 |a Electronic reproduction.  |b New York :  |c Springer,  |d 2008.  |n Mode of access: World Wide Web.  |n System requirements: Web browser.  |n Title from title screen (viewed on Oct. 10, 2008).  |n Access may be restricted to users at subscribing institutions. 
650 1 2 |a Cerebral Palsy  |x rehabilitation.  |0 https://id.nlm.nih.gov/mesh/D002547Q000534 
650 2 2 |a Cerebral Palsy  |x surgery.  |0 https://id.nlm.nih.gov/mesh/D002547Q000601 
650 2 2 |a Child.  |0 https://id.nlm.nih.gov/mesh/D002648 
650 2 2 |a Disabled Children  |x rehabilitation.  |0 https://id.nlm.nih.gov/mesh/D019988Q000534 
650 0 |a Cerebral palsied children  |x Rehabilitation.  |0 http://id.loc.gov/authorities/subjects/sh2009118720 
650 0 |a Cerebral palsy.  |0 http://id.loc.gov/authorities/subjects/sh85022104 
650 0 |a Movement disorders in children.  |0 http://id.loc.gov/authorities/subjects/sh85088018 
655 7 |a Electronic books.  |2 local 
710 2 |a SpringerLink (Online service)  |0 http://id.loc.gov/authorities/names/no2005046756 
776 1 |c Original  |z 0387204377  |z 9780387204376  |w (DLC) 2003065734  |w (OCoLC)53224819 
856 4 0 |u http://proxy.library.tamu.edu/login?url=https://dx.doi.org/10.1007/b138647  |z Connect to the full text of this electronic book  |t 0 
856 4 2 |3 Publisher description  |u http://www.loc.gov/catdir/enhancements/fy0662/2003065734-d.html  |t 0 
994 |a C0  |b TEF 
999 |a MARS 
999 f f |s 1f04eac3-e1ff-34c0-b4f2-57fc04165daf  |i b06eb0c4-8de2-3ad1-8607-4b5304a78f3d  |t 0 
952 f f |a Texas A&M University  |b College Station  |c Electronic Resources  |d Available Online  |t 0  |e RJ496.C4 M535 2005eb  |h Library of Congress classification 
998 f f |a RJ496.C4 M535 2005eb  |t 0  |l Available Online